00932nam a2200217 a 4500001001000000003000500010005001700015008004100032010001100073011001100084040000900095100004100104245015700145260004100302500006000343502010900403650006500512650003200577650003500609856007000644000115834CHAP20220329144550.0190715s2019 mx a |sm |||||||spa d a112295 a113267 cCHAP1 aSolórzano Banderas, José Manuel.10aIdentificación de signos y síntomas causados por ácaros fitófagos en cultivos agrícolash[En línea]cpor José Manuel Solórzano Banderas. aChapingo, Méx. :bEl autor,c2019. aPara ver el contenido del material haga clic en la liga aTesis (Ing. Agr. Esp. en Parasitología Agrícola) -- UACH. Departamento de Parasitología Agrícola14aÁcaros fitófagosxDistribución geográficazMéxico.14aÁcarosxIdentificación.14aAgriculturaxPlagaszMéxico. aFinding aiduhttp://10.13.5.2/tesis/sist115834.pdfzTeclea aquí